Escalamiento de una planta para producción de biodiesel a partir de aceite crudo de palma
Gardado en:
| Autor Principal: | |
|---|---|
| Formato: | Libro |
| Idioma: | Spanish |
| Publicado: |
San José, Costa Rica
2016
|
| Materias: | |
| Etiquetas: |
Engadir etiqueta
Sen Etiquetas, Sexa o primeiro en etiquetar este rexistro!
|
MARC
| LEADER | 00000nam a22000007a 4500 | ||
|---|---|---|---|
| 003 | 012474 | ||
| 005 | 20221231144118.0 | ||
| 008 | 160929b2016 cr a|||| |||| 00| ||spa d | ||
| 040 | |c cru CEDI | ||
| 090 | |a TFG 7631 | ||
| 100 | |9 5351 |a Céspedes Alfaro, María Fernanda | ||
| 245 | |a Escalamiento de una planta para producción de biodiesel a partir de aceite crudo de palma | ||
| 260 | |a San José, Costa Rica |c 2016 | ||
| 300 | |a xvii, 134 hojas, dos hojas sin numerar : ilustraciones (principalmente a color) | ||
| 500 | |a Proyecto de graduación (licenciatura en ingeniería química)--Universidad de Costa Rica. Facultad de Ingeniería. Escuela de Ingeniería Química | ||
| 650 | |x COMBUSTIBLES BIODIESEL - PRODUCCION |x COMBUSTIBLES BIODIESEL - PRODUCCION - EVALUACION |x FABRICAS DE PRODUCTOS QUIMICOS -- PLANTAS PILOTO |x COMBUSTIBLES BIODIESEL - PRODUCCION - EQUIPO Y ACCESORIOS |x PROCESOS QUIMICOS |9 5352 | ||
| 942 | |c TFG | ||
| 999 | |c 17054 |d 17054 | ||
